[Event "Montevideo Club Atletico"]
[Site "Montevideo"]
[Date "2002.02.05"]
[Round "1"]
[White "Cotelo, Roberto"]
[Black "Schiavone, Pedro"]
[Result "1-0"]
[WhiteElo "1919"]
[BlackElo "1756"]
[PlyCount "53"]
[EventDate "2002.02.05"]
[EventType "swiss"]
[EventRounds "5"]
[EventCountry "URU"]
[SourceTitle "CBM 086 Extra"]
[Source "ChessBase"]
[SourceDate "2002.03.14"]
[SourceVersion "1"]
[SourceVersionDate "2002.03.14"]
[SourceQuality "1"]

1. d4 Nf6 2. c4 d6 3. Nc3 g6 4. e4 Bg7 5. f3 0-0 6. Be3 e5 7. d5 Nh5 8. Qd2 f5 9. Bg5 Bf6 10. Bxf6 Qxf6 11. 0-0-0 Nd7 12. Kb1 Nc5 13. b4 Na6 14. a3 c5 15. dxc6 bxc6 16. Qxd6 fxe4 17. Nxe4 Qxd6 18. Rxd6 Bf5 19. Bd3 Rad8 20. c5 Nc7 21. Bc4+ Kg7 22. Rxc6 Bxe4+ 23. fxe4 Rd1+ 24. Kc2 Rfd8 25. Rxc7+ Kh6 26. Bd5 Rf8 27. Kxd1 1-0